Correspondance générale et confdessions. Tome 1: 1814-1840 (Record no. 39570)
[ view plain ]
| 000 -LEADER | |
|---|---|
| fixed length control field | 00687 a2200277 4500 |
| 037 ## - SOURCE OF ACQUISITION | |
| Source of stock number/acquisition | 3, BU |
| 037 ## - SOURCE OF ACQUISITION | |
| Stock number | L2748 |
| 037 ## - SOURCE OF ACQUISITION | |
| Stock number | L1829 |
| 037 ## - SOURCE OF ACQUISITION | |
| Stock number | L1827 |
| 100 ## - VEDETTE PRINCIPALE - NOM DE PERSONNE | |
| Personal name | Comte, Auguste |
| 100 ## - VEDETTE PRINCIPALE - NOM DE PERSONNE | |
| Language of a work | Fr |
| 260 ## - PUBLICATION, DISTRIBUTION, ETC. (IMPRINT) | |
| Place of publication, distribution, etc | Paris |
| 260 ## - PUBLICATION, DISTRIBUTION, ETC. (IMPRINT) | |
| Name of publisher, distributor, etc | Mouton |
| 245 ## - TITLE STATEMENT | |
| Title | Correspondance générale et confdessions. Tome 1: 1814-1840 |
| 260 ## - PUBLICATION, DISTRIBUTION, ETC. (IMPRINT) | |
| Date of publication, distribution, etc | 1973 |
| 300 ## - PHYSICAL DESCRIPTION | |
| Extent | 437p. |
| 300 ## - PHYSICAL DESCRIPTION | |
| Other physical details | 23cm. |
| 440 ## - SERIES STATEMENT/ADDED ENTRY--TITLE | |
| Title | Archives positivistes |
| 630 ## - SUBJECT ADDED ENTRY--UNIFORM TITLE | |
| Uniform title | 16 - Logique. Theorie de la connaissance |
| 650 ## - SUBJECT ADDED ENTRY--TOPICAL TERM | |
| Topical term or geographic name as entry element | 1 - PHILOSOPHIE ET PSYCHOLOGIE |
| 650 ## - SUBJECT ADDED ENTRY--TOPICAL TERM | |
| Topical term or geographic name as entry element | philosophie: correspondance |
| 700 ## - ADDED ENTRY--PERSONAL NAME | |
| Personal name | Ed., de Berrêdo Carneiro, Paulo |
| 700 ## - ADDED ENTRY--PERSONAL NAME | |
| Personal name | Ed., Arnaud, Pierre |
| Withdrawn status | Lost status | Damaged status | Not for loan | Location (home branch) | Sublocation or collection (holding branch) | Date acquired | Koha issues (times borrowed) | Koha full call number | Koha date last seen | Copy number | Price effective from | Koha item type | Source of acquisition |
|---|---|---|---|---|---|---|---|---|---|---|---|---|---|
| Bibliothèque Universitaire Centrale | Bibliothèque Universitaire Centrale | 28/02/2009 | 177.3:2COM | 28/02/2009 | 1 | 28/02/2009 | Livre | ||||||
| Bibliothèque Universitaire Centrale | Bibliothèque Universitaire Centrale | 25/01/2010 | 177.3:2COM | 25/01/2010 | 2 | 25/01/2010 | Livre | Achat |